| 000 | 00400nam a2200157Ia 4500 | ||
|---|---|---|---|
| 008 | 230312s9999||||xx |||||||||||||| ||und|| | ||
| 020 | _a81-7656-077-4 | ||
| 082 |
_a005.133 _bJAV |
||
| 100 | _aPhilip Heller | ||
| 245 | 0 | _aJava 2 Complete | |
| 260 |
_bBPB _aNew delhi _c1999 |
||
| 300 | _a1000 | ||
| 546 | _aEng. | ||
| 650 |
_aComputer _vIntroducing java, Java fundamental, Advance java |
||
| 942 | _cBK | ||
| 999 |
_c3221 _d3221 |
||